Organy chátrajú

Bibliographic Details
Corporate Author: Tlačová agentúra Slovenskej republiky (Author)
Format: Article
Language:Slovak
Subjects:

MARC

LEADER 00000nab a2200000 a 4500
001 vtls001019205
003 SK-MaSNL
005 20260303210318.0
008 040720e19970902xo 0 slo
035 |a SN5137 
040 |a SNSK  |b slo  |c SNSK  |e AACR2 
041 0 |a slo 
044 |a xo  |c SK 
080 |a 78.091.4  |2 1981 
110 2 |a Tlačová agentúra Slovenskej republiky  |4 aut  |9 177619 
245 0 0 |a Organy chátrajú 
611 2 7 |a Slovenské historické organy  |2 SNSK  |9 32456 
650 0 7 |a hudobné festivaly   |2 SNSK  |9 2958 
650 0 7 |a ročník 6.  |2 SNSK  |9 1017029 
650 0 7 |a informácie  |2 SNSK  |9 1285 
651 7 |a Spišská Nová Ves (Slovensko)  |2 SNSK  |9 28800 
651 7 |a SN,  |2 SNSK  |9 1021277 
655 7 |a periodikum  |2 snkbucl  |9 29553 
773 0 8 |t Práca  |g Roč. 52, č.201, 2.9.1997, s. 3 
852 |a ZVYKNI  |b KIS3GCP 
999 |c 2199745  |d 2201675